Country has a Match in their name - Statistics

General Stats
  • This quiz has been taken 41 times
  • The average score is 15 of 17
Answers on the Map
Answers color-coded by a green-red scale on the quiz's map according to % correct below.
 
Answer Stats
South Name % Correct
United Kingdom
97%
United States
97%
New Zealand
95%
United Arab Emirates
95%
North Korea
92%
South Africa
92%
South Korea
92%
North Macedonia
89%
Saint Lucia
89%
Saint Vincent and the Grenadines
89%
South Sudan
89%
Democratic Republic of the Congo
86%
Saint Kitts and Nevis
86%
Papua New Guinea
78%
Dominican Republic
73%
Central African Republic
70%
Czech Republic
49%
No matching quizzes found
Score Distribution
Percent of People with Each Score
Percentile by Number Answered
Your Score History
You have not taken this quiz